Learning Disabilities A to Z (Record no. 11812)
[ view plain ]
| 000 -LEADER | |
|---|---|
| fixed length control field | 00262nam a22000977a 4500 |
| 008 - FIXED-LENGTH DATA ELEMENTS--GENERAL INFORMATION | |
| fixed length control field | 200222b ||||| |||| 00| 0 eng d |
| 020 ## - INTERNATIONAL STANDARD BOOK NUMBER | |
| International Standard Book Number | 9781439158692 |
| 100 ## - MAIN ENTRY--PERSONAL NAME | |
| Personal name | Smith Corinne |
| 9 (RLIN) | 7491 |
| 245 ## - TITLE STATEMENT | |
| Title | Learning Disabilities A to Z |
| 260 ## - PUBLICATION, DISTRIBUTION, ETC. (IMPRINT) | |
| Name of publisher, distributor, etc. | New York |
| Date of publication, distribution, etc. | Free Press |
| Plate or publisher's number for music (Pre-AACR 2) [OBSOLETE, CAN/MARC], [LOCAL, USA] | 2010 |
| Withdrawn status | Lost status | Source of classification or shelving scheme | Damaged status | Koha normalized classification for sorting | Not for loan | Home library | Current library | Shelving location | Date acquired | Total Checkouts | Total Renewals | Full call number | Barcode | Checked out | Date last seen | Date last checked out | Price effective from | Koha item type |
|---|---|---|---|---|---|---|---|---|---|---|---|---|---|---|---|---|---|---|
| Dewey Decimal Classification | 150_000000000000000_E3 | Good Samaritan School Library | Good Samaritan School Library | PSYCHOLOGY | 02/22/2020 | 2 | 1 | 150 E-3 | SMI15956 | 04/22/2026 | 04/15/2026 | 04/15/2026 | 02/22/2020 | BOOK |